| 000 | 00687nam a22002057a 4500 | ||
|---|---|---|---|
| 005 | 20171013124055.0 | ||
| 010 | _aENG-120255 | ||
| 020 |
_c1195.00 _a97881924732123 |
||
| 035 | _aEN-103787 | ||
| 037 | _bDBAD/PUB | ||
| 082 | _a954.022 | ||
| 100 | _aSudhindra Kumar | ||
| 245 |
_aThe missing links in Mughal history / _cby Sudhindra Kumar ; foreword by Madhu Trivedi ; transleted by Lalit Sharma |
||
| 260 |
_aDelhi _bSwaraj Book Distributors _c2014 |
||
| 270 |
_aA-6,Nimri Comercial Center,Near Ashok Vihar-IV _bDelhi _e110092 |
||
| 300 |
_a4-vol (xxi,250p.) _c22cm.(Hb) |
||
| 700 | _aMadhu Trivedi | ||
| 700 | _aSharma,Lalit | ||
| 942 |
_2ddc _cEN _h954.022 _mSUD |
||
| 999 |
_c144299 _d144299 |
||